000 00561nam a2200193Ia 4500
005 20250617152144.0
008 008 250516s9999 xx 000 0 eng d
020 _a9789366270043
040 _beng
_cSDCL
041 _aeng
_2eng
084 _aV2'P R5
245 0 _aCities, citizens, classrooms and beyond :
_bEssays for Narayani Gupta
260 _aDelhi :
_bPrimus Books,
_c2025.
300 _axviii, 398p.
650 _aReference
700 _aDatta, Partho Ed.
_9809493
700 _aKesava, Mukul Ed.Roy, Kumkum Ed.
_9809494
942 _cTEXL
_2CC
999 _c1429374
_d1429374